000 00251nam a22001097a 4500
008 140529t xxu||||| |||| 00| 0 eng d
020 _a978-81-8356-383-3
100 _aA.N. Shukla
_9924
245 _aPopulation Genetics
300 _a250
942 _2ddc
_cBK
999 _c17162
_d17162